The burden of guilt : (Registro nro. 40785)
[ vista simple ]
| 000 -CABECERA | |
|---|---|
| campo de control de longitud fija | 00671nam a2200181 a 4500 |
| 001 - NÚMERO DE CONTROL | |
| campo de control | 000041295 |
| 005 - FECHA Y HORA DE LA ÚLTIMA TRANSACCIÓN | |
| campo de control | 20201002034750.0 |
| 008 - DATOS DE LONGITUD FIJA--INFORMACIÓN GENERAL | |
| campo de control de longitud fija | 130930s1964 nyuabc 000 0 spa d |
| 040 ## - FUENTE DE LA CATALOGACIÓN | |
| Centro catalogador/agencia de origen | DO-SdBNP |
| Lengua de catalogación | spa |
| Centro/agencia transcriptor | BNPHU |
| 082 ## - NÚMERO DE LA CLASIFICACIÓN DECIMAL DEWEY | |
| Número de clasificación | xxx |
| Número de documento/Ítem | G373b |
| 100 1# - ENTRADA PRINCIPAL--NOMBRE DE PERSONA | |
| Nombre de persona | Vogt, Hannah |
| 9 (RLIN) | 67912 |
| 240 10 - TÍTULO UNIFORME | |
| Título uniforme | Schuld oder Verhängnis? |
| Lenguaje de la obra | eng |
| 245 10 - MENCIÓN DE TÍTULO | |
| Título | The burden of guilt : |
| Resto del título | a short history of Germany, 1914-1945 / |
| Mención de responsabilidad, etc. | Hannah Vogt ; translated by Herbert Strauss ; with an introduction by Gordon A. Craig. |
| 260 ## - PUBLICACIÓN, DISTRIBUCIÓN, ETC. | |
| Lugar de publicación, distribución, etc. | New York : |
| Nombre del editor, distribuidor, etc. | Oxford University Press, |
| Fecha de publicación, distribución, etc. | 1964. |
| 300 ## - DESCRIPCIÓN FÍSICA | |
| Extensión | xviii, 318 p. : |
| Otras características físicas | ill., maps ; |
| Dimensiones | 21 cm. |
| 700 12 - PUNTO DE ACCESO ADICIONAL--NOMBRE DE PERSONA | |
| Nombre de persona | Strauss, Herbert |
| Término indicativo de función/relación | tr. |
| 9 (RLIN) | 67913 |
| 700 12 - PUNTO DE ACCESO ADICIONAL--NOMBRE DE PERSONA | |
| Nombre de persona | Craig, Gordon A. |
| 9 (RLIN) | 67914 |
| Estado de retiro | Estado de pérdida | Restricciones de uso | No para préstamo | Código de colección | Localización permanente | Ubicación/localización actual | Ubicación en estantería | Fecha de adquisición | Número de inventario | Total de préstamos | Signatura topográfica completa | Código de barras | Fecha visto por última vez | Precio válido a partir de | Tipo de ítem Koha |
|---|---|---|---|---|---|---|---|---|---|---|---|---|---|---|---|
| Excluido de préstamo | Monografías: Libros y Folletos | General | General | En catalogación | 30.09.2013 | LF1 | xxx G373b | 41295-10 | 25.06.2020 | 25.06.2020 | No se presta |
